000 00268nam a22001217a 4500
008 181107b xxu||||| |||| 00| 0 eng d
041 _aeng
080 _a610
100 _a4
101 _aSHM
245 _aStedman's Medical Dictionary
_cWilliams,W
942 _2udc
_cBK
999 _c52130
_d52130